[Event "Sochi Doroshkevich Amateur op"]
[Site "Sochi"]
[Date "2017.12.25"]
[Round "5"]
[White "Filipenko, Alexander V"]
[Black "Okun, Evgeny"]
[Result "1-0"]
[WhiteElo "2291"]
[BlackElo "2187"]
[PlyCount "105"]
[EventDate "2017.12.21"]
[EventType "swiss"]
[EventRounds "9"]
[EventCountry "RUS"]
[SourceTitle "CBM 182 Extra"]
[Source "ChessBase"]
[SourceDate "2018.02.23"]
[SourceVersion "1"]
[SourceVersionDate "2018.02.23"]
[SourceQuality "1"]

1. e4 g6 2. d4 Bg7 3. Nc3 c6 4. Bc4 d6 5. Bb3 Nf6 6. Nf3 0-0 7. 0-0 Bg4 8. h3 Bxf3 9. Qxf3 e6 10. Qe2 Nbd7 11. Nd1 e5 12. dxe5 dxe5 13. c3 Nc5 14. Bc2 Qe7 15. g3 a5 16. Kh2 Rfe8 17. f3 h5 18. h4 Ne6 19. Nf2 b5 20. Be3 Nh7 21. Rad1 Kh8 22. Rd2 c5 23. Nh3 b4 24. Rfd1 a4 25. Rd7 Qf6 26. a3 b3 27. Bd3 Nhf8 28. Bg5 Nxg5 29. hxg5 Qb6 30. Rxf7 Rad8 31. Bc4 Rxd1 32. Qxd1 Rd8 33. Qe2 Qd6 34. Bd5 Nd7 35. c4 Qb6 36. Nf2 Nb8 37. g4 Nc6 38. gxh5 Nd4 39. Qf1 gxh5 40. Nh3 Qg6 41. Kg3 Rxd5 42. Rxg7 Qxg7 43. cxd5 Qf7 44. f4 h4+ 45. Kg4 Nc2 46. Qa6 c4 47. f5 c3 48. Qc8+ Kg7 49. Qxc3 Nd4 50. Qc8 Qa7 51. f6+ Kf7 52. Qh8 Qd7+ 53. Kh5 1-0

[Event "Sochi Doroshkevich Amateur op"]
[Site "Sochi"]
[Date "2017.12.23"]
[Round "3"]
[White "Belmeskin, Ilia"]
[Black "Filipenko, Alexander V"]
[Result "1/2-1/2"]
[WhiteElo "2215"]
[BlackElo "2291"]
[PlyCount "113"]
[EventDate "2017.12.21"]
[EventType "swiss"]
[EventRounds "9"]
[EventCountry "RUS"]
[SourceTitle "CBM 182 Extra"]
[Source "ChessBase"]
[SourceDate "2018.02.23"]
[SourceVersion "1"]
[SourceVersionDate "2018.02.23"]
[SourceQuality "1"]

1. Nf3 d5 2. c4 c6 3. Qc2 Nf6 4. g3 g6 5. Bg2 Bg7 6. 0-0 0-0 7. d3 Re8 8. e4 dxe4 9. dxe4 Qc7 10. h3 Nfd7 11. Bf4 e5 12. Be3 c5 13. Nc3 Nc6 14. Nd5 Qd6 15. Kh2 b6 16. Rad1 Nd4 17. Nxd4 cxd4 18. Bd2 Nf6 19. Bb4 Qd8 20. f4 a5 21. Bd2 Nxd5 22. cxd5 Ba6 23. Rf2 Rc8 24. Qb3 f5 25. fxe5 fxe4 26. Bxe4 Bxe5 27. d6+ Kh8 28. d7 Qxd7 29. Qxb6 Qd6 30. Qxd6 Bxd6 31. Bf3 Rc2 32. Kg2 Rxb2 33. Be3 Rxf2+ 34. Bxf2 d3 35. Bd4+ Kg8 36. Bd5+ Kf8 37. Rf1+ Ke7 38. Re1+ Kd7 39. Rxe8 Kxe8 40. Bb3 Bb5 41. a4 Bc6+ 42. Kf2 Ke7 43. Bc3 Bc5+ 44. Ke1 Bb6 45. Kd2 Bg2 46. h4 Bc7 47. g4 Be4 48. Ke3 Bc6 49. Kxd3 Bf3 50. g5 Bc6 51. Bf6+ Kd6 52. Bg8 Bxa4 53. Bxh7 Be8 54. h5 gxh5 55. g6 Ke6 56. g7 Bf7 57. Bh4 1/2-1/2

[Event "Sochi Doroshkevich Amateur op"]
[Site "Sochi"]
[Date "2017.12.22"]
[Round "2"]
[White "Filipenko, Alexander V"]
[Black "Nezamyatin, Ruslan"]
[Result "1-0"]
[WhiteElo "2291"]
[BlackElo "2129"]
[PlyCount "47"]
[EventDate "2017.12.21"]
[EventType "swiss"]
[EventRounds "9"]
[EventCountry "RUS"]
[SourceTitle "CBM 182 Extra"]
[Source "ChessBase"]
[SourceDate "2018.02.23"]
[SourceVersion "1"]
[SourceVersionDate "2018.02.23"]
[SourceQuality "1"]

1. e4 d6 2. d4 Nf6 3. Nc3 e6 4. Nf3 Be7 5. Bf4 0-0 6. h3 a6 7. Bd3 c5 8. dxc5 dxc5 9. e5 Nd5 10. Nxd5 exd5 11. c3 Nc6 12. 0-0 Be6 13. Qc2 g6 14. Rad1 Qa5 15. a3 Rac8 16. Rfe1 Rfe8 17. Ng5 c4 18. Bxg6 hxg6 19. Nxe6 Bxa3 20. Ng5 Be7 21. e6 Bxg5 22. Bxg5 d4 23. exf7+ Kxf7 24. Qd2 1-0

[Event "Samara Polugaevsky Memorial 7th"]
[Site "Samara"]
[Date "2017.07.12"]
[Round "5"]
[White "Sergeyev, Dmitriy"]
[Black "Filipenko, Alexander V"]
[Result "1/2-1/2"]
[WhiteElo "2030"]
[BlackElo "2286"]
[PlyCount "80"]
[EventDate "2017.07.08"]
[EventType "swiss"]
[EventRounds "9"]
[EventCountry "RUS"]
[SourceTitle "EXT 2018"]
[Source "ChessBase"]
[SourceDate "2017.10.13"]
[SourceVersion "1"]
[SourceVersionDate "2017.10.13"]
[SourceQuality "1"]

1. e4 c5 2. Nf3 Nc6 3. Bb5 e6 4. 0-0 Nge7 5. Ba4 a6 6. c4 e5 7. d3 g6 8. Nc3 Bg7 9. Nd5 0-0 10. Be3 d6 11. Qd2 Nxd5 12. cxd5 b5 13. Bxb5 axb5 14. dxc6 Qb6 15. b4 Qxc6 16. Rfc1 c4 17. dxc4 bxc4 18. Qc2 Qa4 19. Qxa4 Rxa4 20. Rxc4 Be6 21. Rc6 Rxb4 22. Rxd6 Ra8 23. Bd2 Rba4 24. Bc3 Rxe4 25. a4 Rc4 26. Bxe5 Bxe5 27. Nxe5 Raxa4 28. Rdd1 Rd4 29. h3 h5 30. Nf3 Rxd1+ 31. Rxd1 Kg7 32. Nd4 Kf6 33. Nxe6 Kxe6 34. Rb1 Ra5 35. h4 Kf5 36. g3 Rc5 37. Kg2 Ra5 38. Rb4 Kf6 39. Rf4+ Kg7 40. Rb4 Rc5 1/2-1/2